01001nam a2200241 i 4500003000900000005001700009007000300026008004100029040003000070082002800100110013600128245010000264264007100364300002600435336002600461337003200487338002800519590002700547910001400574942001400588952014000602999001700742DO-SdBNP20250321135402.0ta250321e2000 dr 000 0 spa d aDO-SdBNPbspacBNPHUerda 4a551.6 bC733c, 2000222 aComisión Nacional de Seguimiento a los Acuerdos de la Conferencia de las Naciones Unidas sobre Medio Ambiente y Desarrollo92156310aConvención Marco de las Naciones Unidas sobre el cambio climático y su protocolo de Kioto / 1aSanto Domingo :b[Secretariado Técnico de la Presidencia,c2000. a80 páginas :c21 cm atextobtxt2rdaconten asin mediciónbn2rdamedia avolumenbnc2rdacarrier aInventariado, 2025/ YL aYLockward 2ddccLBS1 00102ddc51708PDaBNPHUbBNPHUcCTd2024-09-02eDonación l0oBNPHU PD 551.6 C733c, 2000p2025-2254r2025-03-21w2025-03-21yLBS1 c58525d58525